[Event "Poznan op 27th"]
[Site "Poznan"]
[Date "2019.08.25"]
[Round "9"]
[White "Czyz, Andrzej"]
[Black "Roszkiewicz, Anna"]
[Result "0-1"]
[WhiteElo "2000"]
[BlackElo "1612"]
[PlyCount "94"]
[EventDate "2019.08.18"]
[EventType "swiss"]
[EventRounds "9"]
[EventCountry "POL"]
[SourceTitle "EXT 2020"]
[Source "ChessBase"]
[SourceDate "2019.10.17"]
[SourceVersion "1"]
[SourceVersionDate "2019.10.17"]
[SourceQuality "1"]

1. b4 e5 2. Bb2 Bxb4 3. Bxe5 Nf6 4. Nf3 Nc6 5. Bb2 0-0 6. e3 d5 7. Be2 Qe7 8. 0-0 h6 9. d3 Bf5 10. Nbd2 Rad8 11. Rb1 b6 12. c3 Ba3 13. Ba1 Bd6 14. Re1 Ne5 15. Qc2 c5 16. e4 dxe4 17. dxe4 Nxf3+ 18. Bxf3 Bg6 19. Rbd1 Rfe8 20. c4 Be5 21. Bc3 Bxc3 22. Qxc3 Qe5 23. Qe3 Rd4 24. g3 Nxe4 25. Bxe4 Bxe4 26. f3 Bc2 27. Qf2 Bxd1 28. Rxe5 Rxe5 29. Ne4 Bxf3 30. Nf6+ gxf6 31. Qxf3 Kg7 32. Kg2 Rxc4 33. a3 Rce4 34. Kh3 c4 35. a4 a6 36. Qd1 b5 37. axb5 axb5 38. g4 b4 39. Kh4 b3 40. h3 Re1 41. Qd4 R5e4 42. Qc3 Re8 43. Qa5 b2 44. Qb4 Rb8 45. Qd2 Ree8 46. g5 hxg5+ 47. Kh5 b1Q 0-1

[Event "Poznan op 26th"]
[Site "Poznan"]
[Date "2018.08.25"]
[Round "8"]
[White "Michalski, Karol"]
[Black "Roszkiewicz, Anna"]
[Result "1-0"]
[WhiteElo "1983"]
[BlackElo "1750"]
[PlyCount "47"]
[EventDate "2018.08.19"]
[EventType "swiss"]
[EventRounds "9"]
[EventCountry "POR"]
[SourceTitle "CBM 186 Extra"]
[Source "ChessBase"]
[SourceDate "2018.08.24"]
[SourceVersion "1"]
[SourceVersionDate "2018.08.24"]
[SourceQuality "1"]

1. d4 Nf6 2. Nf3 e6 3. Bg5 c5 4. e3 Nc6 5. c3 d5 6. Nbd2 h6 7. Bh4 cxd4 8. exd4 Be7 9. Bd3 0-0 10. Qe2 Nh7 11. Bxe7 Qxe7 12. g3 a6 13. a3 b5 14. Ne5 Nxe5 15. dxe5 g6 16. Nf3 Ng5 17. g4 Bb7 18. Rg1 Rac8 19. Qe3 Kh7 20. Rg3 f5 21. exf6 Qxf6 22. Ne5 Qf4 23. Nxg6 Qxe3+ 24. fxe3 1-0

[Event "Poznan op 26th"]
[Site "Poznan"]
[Date "2018.08.19"]
[Round "2"]
[White "Wojdak, Karol"]
[Black "Roszkiewicz, Anna"]
[Result "1-0"]
[WhiteElo "1408"]
[BlackElo "1750"]
[PlyCount "37"]
[EventDate "2018.08.19"]
[EventType "swiss"]
[EventRounds "9"]
[EventCountry "POR"]
[SourceTitle "CBM 186 Extra"]
[Source "ChessBase"]
[SourceDate "2018.08.24"]
[SourceVersion "1"]
[SourceVersionDate "2018.08.24"]
[SourceQuality "1"]

1. e4 c5 2. Nf3 d6 3. d4 cxd4 4. Nxd4 Nf6 5. Nc3 a6 6. f3 e5 7. Nb3 Be6 8. Be3 Be7 9. Bd3 0-0 10. 0-0 d5 11. exd5 Nxd5 12. Nxd5 Bxd5 13. Qe1 Nc6 14. Rd1 Qc7 15. Bxh7+ Kxh7 16. Rxd5 Nb4 17. Rd2 Nxc2 18. Qb1 Rac8 19. Rff2 1-0

[Event "POL-chT U20 2nd League"]
[Site "Szczyrk"]
[Date "2017.07.26"]
[Round "6.45"]
[White "Roszkiewicz, Anna"]
[Black "Radoch, Filip"]
[Result "1-0"]
[WhiteElo "1420"]
[BlackElo "1080"]
[PlyCount "109"]
[EventDate "2017.07.22"]
[EventType "team-swiss"]
[EventRounds "11"]
[EventCountry "POL"]
[SourceTitle "EXT 2019"]
[Source "ChessBase"]
[SourceDate "2018.10.10"]
[SourceVersion "1"]
[SourceVersionDate "2018.10.10"]
[SourceQuality "1"]

1. e4 e6 2. d4 d5 3. Nd2 dxe4 4. Nxe4 Bd7 5. Nf3 Bc6 6. Bd3 Nd7 7. c3 Ngf6 8. Bg5 Be7 9. Nxf6+ Nxf6 10. 0-0 Bxf3 11. Qxf3 c6 12. Rfe1 0-0 13. Rad1 Qa5 14. Bxf6 Bxf6 15. a3 Rad8 16. Qe4 g6 17. Qf3 Bg7 18. h4 h5 19. Qe4 Qd5 20. g3 Rd7 21. Qxd5 cxd5 22. Kg2 a6 23. Bc2 Rd6 24. Re2 Rc8 25. Bd3 Rc7 26. Rde1 Re7 27. f4 f5 28. Kf3 Kf7 29. Bb1 Bf6 30. Ba2 b5 31. Bb3 Rc7 32. Ke3 a5 33. a4 bxa4 34. Bxa4 Rb6 35. Kd3 Be7 36. Ra1 Rcb7 37. Ra2 Bf8 38. Bd1 Rb5 39. b3 Be7 40. Ra1 Bd8 41. Rea2 Ra7 42. b4 Bb6 43. Be2 axb4 44. Rxa7+ Bxa7 45. Rxa7+ Kf6 46. cxb4 Rxb4 47. Bd1 Rb2 48. Bc2 Rb6 49. Ra5 Ke7 50. Kc3 Rb7 51. Ba4 Rb1 52. Ra7+ Kf6 53. Be8 e5 54. fxe5+ Ke6 55. Bf7# 1-0

[Event "POL-chT U20 2nd League"]
[Site "Szczyrk"]
[Date "2017.07.22"]
[Round "1.33"]
[White "Suder, Jakub"]
[Black "Roszkiewicz, Anna"]
[Result "1-0"]
[WhiteElo "1651"]
[BlackElo "1420"]
[PlyCount "67"]
[EventDate "2017.07.22"]
[EventType "team-swiss"]
[EventRounds "11"]
[EventCountry "POL"]
[SourceTitle "EXT 2019"]
[Source "ChessBase"]
[SourceDate "2018.10.10"]
[SourceVersion "1"]
[SourceVersionDate "2018.10.10"]
[SourceQuality "1"]

1. d4 d5 2. Bf4 Nf6 3. Nf3 Bf5 4. e3 e6 5. c4 dxc4 6. Nc3 a6 7. Ne5 c5 8. g4 Bg6 9. Bg2 Qb6 10. Nxc4 Qb4 11. Qa4+ Nbd7 12. Qxb4 cxb4 13. Na4 Rc8 14. Rc1 Ne4 15. Bxe4 Bxe4 16. Nd6+ Bxd6 17. Rxc8+ Ke7 18. Rxh8 Bxh1 19. Bxd6+ Kxd6 20. Rxh7 Nf6 21. Rxg7 Ke7 22. Nc5 Kf8 23. Rg5 Bf3 24. h3 Bg2 25. Re5 Ke7 26. g5 Nd5 27. g6 fxg6 28. Nxe6 Kf6 29. e4 Ne7 30. Nf4 Bf3 31. Nd5+ Nxd5 32. exd5 Bg2 33. h4 Bh3 34. f3 1-0

[Event "POL-chT U19 2nd League"]
[Site "Iwonicz"]
[Date "2016.07.31"]
[Round "8.66"]
[White "Gorna, Anna"]
[Black "Roszkiewicz, Anna"]
[Result "0-1"]
[WhiteElo "1078"]
[BlackElo "1445"]
[PlyCount "62"]
[EventDate "2016.07.23"]
[EventType "team-swiss"]
[EventRounds "11"]
[EventCountry "POL"]
[SourceTitle "EXT 2019"]
[Source "ChessBase"]
[SourceDate "2018.10.10"]
[SourceVersion "1"]
[SourceVersionDate "2018.10.10"]
[SourceQuality "1"]
[WhiteTeam "Czestochowa UKS Hetman U19"]
[BlackTeam "Poznan UMKS Na Pieterku U19"]
[WhiteTeamCountry "POL"]
[BlackTeamCountry "POL"]

1. e4 c5 2. Nf3 d6 3. d4 cxd4 4. Qxd4 Nc6 5. Bb5 Bd7 6. Bxc6 Bxc6 7. Nc3 Nf6 8. Bg5 e5 9. Qd3 Be7 10. Bxf6 Bxf6 11. 0-0-0 Be7 12. g3 0-0 13. h4 Rc8 14. Nd5 Bxd5 15. Qxd5 Qc7 16. Rd2 a6 17. Ne1 b5 18. Qd3 Qc5 19. f4 Rfd8 20. Qd5 Qe3 21. Qb7 Bf6 22. Qxa6 Ra8 23. Qxb5 Rxa2 24. Kb1 Rda8 25. c3 Qxd2 26. Nc2 exf4 27. gxf4 Bxc3 28. e5 Rxb2+ 29. Qxb2 Bxb2 30. Kxb2 Rb8+ 31. Ka3 Qa5# 0-1

[Event "POL-chT U19 2nd League"]
[Site "Iwonicz"]
[Date "2016.07.31"]
[Round "7.72"]
[White "Roszkiewicz, Anna"]
[Black "Szczypka, Weronika"]
[Result "1-0"]
[WhiteElo "1445"]
[BlackElo "1179"]
[PlyCount "115"]
[EventDate "2016.07.23"]
[EventType "team-swiss"]
[EventRounds "11"]
[EventCountry "POL"]
[SourceTitle "EXT 2019"]
[Source "ChessBase"]
[SourceDate "2018.10.10"]
[SourceVersion "1"]
[SourceVersionDate "2018.10.10"]
[SourceQuality "1"]
[WhiteTeam "Poznan UMKS Na Pieterku U19"]
[BlackTeam "Cieszyn MUKS SZS U19"]
[WhiteTeamCountry "POL"]
[BlackTeamCountry "POL"]

1. e4 e5 2. Nf3 Nc6 3. Bb5 d6 4. d4 exd4 5. Nxd4 Bd7 6. Nc3 Nf6 7. 0-0 Be7 8. Nxc6 bxc6 9. Bc4 0-0 10. Re1 Re8 11. Bf4 c5 12. e5 dxe5 13. Bxe5 Bd6 14. Bxd6 Rxe1+ 15. Qxe1 cxd6 16. Rd1 Bc6 17. Qd2 Ne4 18. Nxe4 Bxe4 19. Bd5 Bxd5 20. Qxd5 Rb8 21. Qxd6 Qxd6 22. Rxd6 g6 23. b3 c4 24. f3 cxb3 25. axb3 Rc8 26. c4 Kf8 27. Kf2 Ke7 28. Rd3 Rc7 29. Ke3 Ke6 30. Kd4 Kd6 31. Kc3+ Kc6 32. b4 Kb6 33. Rd6+ Kb7 34. Kd4 a6 35. c5 h6 36. g4 Re7 37. Rf6 Rd7+ 38. Kc4 Rc7 39. h4 Re7 40. h5 gxh5 41. gxh5 Re3 42. Rxf7+ Kb8 43. f4 Rh3 44. Rf5 Kc7 45. b5 axb5+ 46. Kxb5 Rb3+ 47. Kc4 Rh3 48. Kd5 Rd3+ 49. Ke6 Rg3 50. Kf7 Rg4 51. Rf6 Kd7 52. Rd6+ Kc7 53. Rxh6 Rxf4+ 54. Rf6 Rh4 55. h6 Rh5 56. c6 Rh3 57. Kg7 Rg3+ 58. Rg6 1-0

[Event "Poznan op 23rd"]
[Site "Poznan"]
[Date "2015.08.15"]
[Round "7"]
[White "Roszkiewicz, Anna"]
[Black "Cholewa, Maria"]
[Result "1/2-1/2"]
[WhiteElo "1449"]
[BlackElo "1794"]
[PlyCount "54"]
[EventDate "2015.08.10"]
[EventType "swiss"]
[EventRounds "9"]
[EventCountry "POL"]
[SourceTitle "CBM 167 Extra"]
[Source "ChessBase"]
[SourceDate "2015.09.14"]
[SourceVersion "1"]
[SourceVersionDate "2015.09.14"]
[SourceQuality "1"]

1. e4 e5 2. Nf3 Nc6 3. Bb5 Bc5 4. 0-0 d6 5. d4 exd4 6. Nxd4 Bd7 7. Nxc6 bxc6 8. Bc4 h6 9. Qf3 Qf6 10. Qxf6 Nxf6 11. Re1 0-0 12. Nc3 Rfd8 13. Bf4 Bd4 14. Bd3 Rab8 15. Rab1 Ng4 16. Bg3 Ne5 17. Kf1 Ng4 18. h3 Ne5 19. f3 Bc8 20. Bf2 Bxf2 21. Kxf2 Nxd3+ 22. cxd3 Ba6 23. Red1 Bc8 24. Rdc1 Ba6 25. Rd1 Bc8 26. Rdc1 Ba6 27. Rd1 Bc8 1/2-1/2

[Event "Poznan op 23rd"]
[Site "Poznan"]
[Date "2015.08.13"]
[Round "4"]
[White "Roszkiewicz, Anna"]
[Black "Pawlowski, Rafal"]
[Result "0-1"]
[WhiteElo "1449"]
[BlackElo "1685"]
[PlyCount "42"]
[EventDate "2015.08.10"]
[EventType "swiss"]
[EventRounds "9"]
[EventCountry "POL"]
[SourceTitle "CBM 167 Extra"]
[Source "ChessBase"]
[SourceDate "2015.09.14"]
[SourceVersion "1"]
[SourceVersionDate "2015.09.14"]
[SourceQuality "1"]

1. e4 e6 2. d4 d5 3. Nd2 c5 4. exd5 exd5 5. Ngf3 Nc6 6. c3 Nf6 7. dxc5 Bxc5 8. Nb3 Bd6 9. Bg5 0-0 10. Bxf6 Qxf6 11. Qxd5 Re8+ 12. Be2 Bg4 13. Nc1 Bf4 14. Kf1 Rad8 15. Qc4 Bxf3 16. gxf3 Ne5 17. Qa4 Qh6 18. Nd3 Qh3+ 19. Kg1 Nxd3 20. Bxd3 Qxf3 21. Bf1 Re6 0-1

[Event "Poznan op 23rd"]
[Site "Poznan"]
[Date "2015.08.12"]
[Round "3"]
[White "Kaluzny, Stanislaw"]
[Black "Roszkiewicz, Anna"]
[Result "0-1"]
[WhiteElo "1251"]
[BlackElo "1449"]
[PlyCount "80"]
[EventDate "2015.08.10"]
[EventType "swiss"]
[EventRounds "9"]
[EventCountry "POL"]
[SourceTitle "CBM 167 Extra"]
[Source "ChessBase"]
[SourceDate "2015.09.14"]
[SourceVersion "1"]
[SourceVersionDate "2015.09.14"]
[SourceQuality "1"]

1. e4 c5 2. Nf3 d6 3. d4 cxd4 4. Nxd4 Nf6 5. Nc3 a6 6. Be2 e5 7. Nb3 Be7 8. 0-0 0-0 9. Be3 b5 10. a3 Bb7 11. Bf3 Nbd7 12. Qe2 Nb6 13. Nd2 Rc8 14. Bxb6 Qxb6 15. Rad1 b4 16. axb4 Qxb4 17. Nb3 Rfd8 18. Rfe1 a5 19. Ra1 Ra8 20. Ra4 Qb6 21. Nd5 Nxd5 22. exd5 Bg5 23. Be4 Bh6 24. Qf3 Qb5 25. Rea1 Rdc8 26. Rxa5 Rxa5 27. Rxa5 Qb4 28. Ra1 g6 29. Qh3 Qxe4 30. Qxh6 Qxc2 31. Qe3 Bxd5 32. Rc1 Qf5 33. Rd1 Bxg2 34. Rxd6 Bf3 35. Kf1 Qb1+ 36. Qe1 Bg2+ 37. Ke2 Qe4+ 38. Kd2 Rc2+ 39. Kd1 Bf3+ 40. Qe2 Qxe2# 0-1

[Event "Poznan op 23rd"]
[Site "Poznan"]
[Date "2015.08.10"]
[Round "1"]
[White "Praczukowski, Stanislaw"]
[Black "Roszkiewicz, Anna"]
[Result "1-0"]
[WhiteElo "1990"]
[BlackElo "1449"]
[PlyCount "43"]
[EventDate "2015.08.10"]
[EventType "swiss"]
[EventRounds "9"]
[EventCountry "POL"]
[SourceTitle "CBM 167 Extra"]
[Source "ChessBase"]
[SourceDate "2015.09.14"]
[SourceVersion "1"]
[SourceVersionDate "2015.09.14"]
[SourceQuality "1"]

1. d4 d5 2. c4 dxc4 3. e3 Nf6 4. Bxc4 e6 5. Nf3 c5 6. 0-0 cxd4 7. exd4 Be7 8. Qe2 0-0 9. Rd1 Nc6 10. Nc3 Nb4 11. Ne5 Nbd5 12. Bb3 a6 13. a3 Qa5 14. Nxd5 Nxd5 15. Bc2 Nf6 16. Bg5 Qc7 17. Rac1 Qb6 18. Rd3 Nd5 19. Rb3 Qxb3 20. Bxb3 Bxg5 21. Rd1 Rd8 22. Qh5 1-0

[Event "POL-ch U12 Girls"]
[Site "Suwalki"]
[Date "2015.04.13"]
[Round "8.13"]
[White "Roszkiewicz, Anna"]
[Black "Frej, Hanna"]
[Result "1-0"]
[WhiteElo "1316"]
[BlackElo "1248"]
[PlyCount "53"]
[EventDate "2015.04.08"]
[EventType "swiss"]
[EventRounds "9"]
[EventCountry "POL"]
[SourceTitle "EXT 2023"]
[Source "ChessBase"]
[SourceDate "2022.10.05"]
[SourceVersion "1"]
[SourceVersionDate "2022.10.05"]
[SourceQuality "1"]

1. e4 d5 2. exd5 Nf6 3. d4 Nxd5 4. c4 Nf6 5. Nf3 Bf5 6. Nc3 e6 7. Bd3 Bxd3 8. Qxd3 c6 9. 0-0 Be7 10. Bf4 Nbd7 11. Rfe1 0-0 12. d5 Nc5 13. Qd4 cxd5 14. cxd5 exd5 15. Rad1 Ne6 16. Qd2 Bb4 17. Be5 Ne4 18. Qxd5 Bxc3 19. Qxe4 Nc5 20. Qg4 Bxe5 21. Rxd8 Raxd8 22. Nxe5 Rfe8 23. h3 f6 24. Qc4+ Ne6 25. Nd7 Kf7 26. Nc5 Rc8 27. Rxe6 1-0

[Event "POL-ch U12 Girls"]
[Site "Suwalki"]
[Date "2015.04.11"]
[Round "5.13"]
[White "Sloniewska, Alicja"]
[Black "Roszkiewicz, Anna"]
[Result "0-1"]
[WhiteElo "1113"]
[BlackElo "1316"]
[PlyCount "84"]
[EventDate "2015.04.08"]
[EventType "swiss"]
[EventRounds "9"]
[EventCountry "POL"]
[SourceTitle "EXT 2023"]
[Source "ChessBase"]
[SourceDate "2022.10.05"]
[SourceVersion "1"]
[SourceVersionDate "2022.10.05"]
[SourceQuality "1"]

1. Nf3 d5 2. g3 c6 3. Bg2 Nf6 4. 0-0 Bf5 5. b3 e6 6. d4 h6 7. c4 Be7 8. Nc3 0-0 9. Nh4 Bh7 10. Nf3 Nbd7 11. Bb2 Nb6 12. cxd5 exd5 13. Rc1 Re8 14. a3 Bd6 15. b4 Nc4 16. Qb3 a5 17. b5 Ne4 18. Rfe1 Nxc3 19. Rxc3 a4 20. Qa2 cxb5 21. Bc1 b4 22. Rxc4 dxc4 23. Qxc4 bxa3 24. Qa2 Qe7 25. e4 Bxe4 26. Re3 Qf6 27. h3 Bxf3 28. Rxf3 Re1+ 29. Kh2 Qg6 30. Bxa3 Bxa3 31. Qxa3 Qc2 32. g4 Qc7+ 33. Rg3 Re2 34. Kg1 Rd2 35. d5 Qe5 36. Re3 Rd1+ 37. Bf1 Qxd5 38. Rg3 Qc4 39. Rd3 Qc1 40. Qxc1 Rxc1 41. Ra3 b5 42. Kg2 b4 0-1